[Event "Rated Blitz tournament 8oXavcq8"]
[Site "?"]
[Date "2021.04.11"]
[Round "?"]
[White "aisa86"]
[Black "Akbas_Kaan"]
[Result "1/2-1/2"]
[WhiteElo "2467"]
[BlackElo "2439"]
[PlyCount "184"]
[EventDate "2021.??.??"]
[EventType "blitz"]

1. e4 e5 2. Nf3 d5 3. Nxe5 Bd6 4. d4 dxe4 5. Nc3 Bxe5 6. dxe5 Qxd1+ 7. Nxd1 Nc6
8. Bb5 Nge7 9. Nc3 O-O 10. Nxe4 Nxe5 11. O-O Bf5 12. f3 N7c6 13. c3 a6 14. Ba4
Rfe8 15. Bf4 Bxe4 16. fxe4 b5 17. Bb3 Re7 18. Rad1 Rae8 19. Bg3 h6 20. a4 Rb8
21. axb5 Rxb5 22. Bd5 Rxb2 23. Ra1 Rc2 24. Rxa6 Rxc3 25. h3 Rxg3 26. Bxc6 Nxc6
27. Rxc6 Re3 28. Rfc1 R3xe4 29. Rxc7 R7e6 30. Rc8+ Kh7 31. R8c7 Rf6 32. Rf1 Kg6
33. Rxf6+ Kxf6 34. Rc6+ Kg5 35. Rc2 g6 36. Kf2 Ra4 37. Rc5+ f5 38. Rc2 Ra3 39.
Rd2 Kf6 40. Rd6+ Kf7 41. Rd2 g5 42. Rd6 Kg7 43. Rb6 Ra7 44. Rc6 Rf7 45. Kf3 Rf6
46. Rc2 Kg6 47. Rb2 Ra6 48. Rc2 h5 49. Rd2 g4+ 50. hxg4 hxg4+ 51. Kf4 Ra4+ 52.
Kg3 Kg5 53. Kf2 Ra3 54. Rb2 Kf4 55. Rb4+ Kg5 56. Rb2 Rc3 57. Rd2 Rb3 58. Ra2
g3+ 59. Ke2 Kg4 60. Ra8 Rb2+ 61. Kf1 Rf2+ 62. Kg1 Rf4 63. Rg8+ Kh5 64. Rxg3 Kh4
65. Kh2 Rf1 66. Rh3+ Kg4 67. Rg3+ Kf4 68. Rh3 Ke4 69. Rh4+ f4 70. Rh3 Rf2 71.
Rh4 Re2 72. Rh3 Re3 73. Rh4 Rb3 74. Rh3 Rb5 75. Rh4 Rb2 76. Rh3 Kf5 77. Rh4 Kg5
78. Rh3 Kg4 79. Rf3 Re2 80. Rh3 Re3 81. Kg1 Rxh3 82. gxh3+ Kxh3 83. Kf2 Kg4 84.
Kg2 f3+ 85. Kf2 Kf4 86. Kf1 Ke3 87. Ke1 Ke4 88. Kf1 Kf4 89. Kf2 Kg4 90. Kf1 Kg3
91. Kg1 f2+ 92. Kf1 Kf3 {Normal} 1/2-1/2

[Event "Rated Blitz game"]
[Site "?"]
[Date "2021.04.11"]
[Round "?"]
[White "pasha1984"]
[Black "Chessbear_163"]
[Result "1-0"]
[WhiteElo "2403"]
[BlackElo "2330"]
[PlyCount "49"]
[EventDate "2021.??.??"]
[EventType "blitz"]

1. e4 e5 2. Nf3 d5 3. exd5 e4 4. Qe2 Nf6 5. d3 Qxd5 6. Nbd2 Be6 7. dxe4 Qc5 8.
Qb5+ Nc6 9. Qxc5 Bxc5 10. Bb5 O-O-O 11. O-O Nb4 12. Ba4 c6 13. a3 Na6 14. b4
Bd4 15. Nxd4 Rxd4 16. f3 Rhd8 17. Nb3 Rc4 18. Na5 Rcd4 19. Be3 R4d7 20. Bxa7
Bc4 21. Bb6 Bxf1 22. Bxd8 Rxd8 23. Kxf1 b6 24. Nxc6 Rd6 25. e5 {Normal} 1-0

[Event "Rated Blitz game"]
[Site "?"]
[Date "2021.04.11"]
[Round "?"]
[White "UnholyCrusade"]
[Black "Chessbear_163"]
[Result "0-1"]
[WhiteElo "2449"]
[BlackElo "2341"]
[PlyCount "36"]
[EventDate "2021.??.??"]
[EventType "blitz"]

1. e4 e5 2. Nf3 d5 3. exd5 e4 4. Qe2 Nf6 5. Nc3 Be7 6. Nxe4 O-O 7. Nxf6+ Bxf6
8. d4 Qxd5 9. Qb5 Qe4+ 10. Be3 Nc6 11. Bd3 Qe7 12. O-O Bg4 13. Ng5 Nxd4 14.
Bxd4 Bxd4 15. Rfe1 Qd6 16. Bxh7+ Kh8 17. Re4 f5 18. Re6 Qf4 {Normal} 0-1

[Event "Rated Blitz game"]
[Site "?"]
[Date "2021.04.11"]
[Round "?"]
[White "PongChess"]
[Black "Dzon_Vejn"]
[Result "1-0"]
[WhiteElo "2321"]
[BlackElo "2417"]
[PlyCount "125"]
[EventDate "2021.??.??"]
[EventType "blitz"]

1. e4 e5 2. Nf3 d5 3. exd5 e4 4. Qe2 Nf6 5. d3 Qxd5 6. Nfd2 Bb4 7. c3 Be7 8.
Nxe4 O-O 9. Nxf6+ Bxf6 10. Be3 Re8 11. Nd2 c5 12. Qf3 Qe6 13. Be2 Nc6 14. Ne4
Be7 15. Nxc5 Bxc5 16. Bxc5 Ne5 17. Qg3 Qd5 18. Bd4 Bf5 19. O-O Ng6 20. Bf3 Qb5
21. Rfd1 Bxd3 22. b3 Bf5 23. c4 Qa6 24. Bb2 Rad8 25. Bd5 b5 26. Qc3 Qf6 27.
Qxf6 gxf6 28. Bxf6 Rb8 29. Re1 bxc4 30. Bxc4 Nf4 31. Rxe8+ Rxe8 32. g3 Ne6 33.
Re1 Rc8 34. Kg2 h5 35. h3 Kh7 36. f3 Kg6 37. Be5 Nc5 38. g4 hxg4 39. hxg4 Bd7
40. Bd6 Ne6 41. Kg3 Bc6 42. f4 Nd4 43. f5+ Kg7 44. Be5+ f6 45. Bxd4 Rd8 46.
Re7+ Kf8 47. Bxf6 Be8 48. Rxa7 Rd7 49. Rxd7 Bxd7 50. a4 Ke8 51. a5 Bc6 52. a6
Ba8 53. a7 Kd7 54. Be5 Kc6 55. Kf4 Kc5 56. g5 Kc6 57. g6 Kd7 58. g7 Kc6 59.
g8=Q Bb7 60. Qd5+ Kb6 61. Qxb7+ Kxb7 62. Bd4 Ka8 63. Bd5# {Normal} 1-0

[Event "Rated Blitz game"]
[Site "?"]
[Date "2021.04.11"]
[Round "?"]
[White "Doenertello"]
[Black "Jomajo"]
[Result "0-1"]
[WhiteElo "2510"]
[BlackElo "2634"]
[PlyCount "66"]
[EventDate "2021.??.??"]
[EventType "blitz"]

1. e4 e5 2. Nf3 d5 3. d4 dxe4 4. Nxe5 Bd6 5. Nc3 Bxe5 6. dxe5 Qxd1+ 7. Nxd1 Nc6
8. Bb5 Nge7 9. O-O Bf5 10. Ne3 Be6 11. b3 O-O-O 12. Bb2 Nd4 13. Bxd4 Rxd4 14.
Rad1 Rhd8 15. Rxd4 Rxd4 16. Rd1 Rxd1+ 17. Nxd1 Ng6 18. Nc3 Bf5 19. Nd5 c6 20.
Ne3 Be6 21. Bc4 Kd7 22. Be2 Nxe5 23. Kf1 f5 24. g3 g5 25. Ng2 Ng6 26. f3 Kd6
27. fxe4 fxe4 28. Kf2 Ke5 29. Ke3 Ne7 30. c4 Nf5+ 31. Kd2 Kd4 32. Bg4 e3+ 33.
Kc2 Ng7 {Normal} 0-1

[Event "Rated Blitz game"]
[Site "?"]
[Date "2021.04.11"]
[Round "?"]
[White "JamesLebron"]
[Black "babageldi2277"]
[Result "0-1"]
[WhiteElo "2625"]
[BlackElo "2604"]
[PlyCount "38"]
[EventDate "2021.??.??"]
[EventType "blitz"]

1. e4 e5 2. Nf3 d5 3. Nxe5 Bd6 4. d4 dxe4 5. Nc4 Nf6 6. Nxd6+ cxd6 7. c4 Nc6 8.
Nc3 O-O 9. Be2 d5 10. Bg5 dxc4 11. d5 Nb4 12. Nxe4 Bf5 13. Nxf6+ gxf6 14. Bh6
Nc2+ 15. Kf1 Re8 16. Rc1 Rxe2 17. Kxe2 Bd3+ 18. Kd2 Qa5+ 19. b4 Qxb4# {Normal}
0-1

[Event "Rated Blitz game"]
[Site "?"]
[Date "2021.04.11"]
[Round "?"]
[White "tangor"]
[Black "magos33"]
[Result "0-1"]
[WhiteElo "2411"]
[BlackElo "2361"]
[PlyCount "96"]
[EventDate "2021.??.??"]
[EventType "blitz"]

1. e4 e5 2. Nf3 d5 3. Nxe5 Bd6 4. d4 dxe4 5. Bc4 Bxe5 6. Qh5 Qe7 7. Qxe5 Qxe5
8. dxe5 Nc6 9. Bf4 Nge7 10. Nc3 Ng6 11. Bg3 Ngxe5 12. Bd5 Bd7 13. Nxe4 O-O 14.
O-O-O Be6 15. Bxe6 fxe6 16. Nc5 Rae8 17. Rhe1 Rf5 18. Nxb7 Rb8 19. Nc5 Nc4 20.
Nd3 Nb4 21. b3 Nxa2+ 22. Kb1 Nc3+ 23. Kc1 Nxd1 24. Kxd1 Nd6 25. Rxe6 Kf7 26.
Re3 a5 27. Ne5+ Kg8 28. Rc3 Rb7 29. Rc5 Ne4 30. Rxa5 Nxf2+ 31. Ke2 Ne4 32. Ra8+
Rf8 33. Rxf8+ Kxf8 34. Be1 c5 35. Ke3 Nd6 36. Bc3 Re7 37. Kf4 Nb5 38. Bb2 Nd4
39. Bxd4 cxd4 40. Ke4 Rc7 41. Nc4 Rf7 42. Kxd4 Rf2 43. Ne3 Ke7 44. b4 Kd7 45.
b5 Kc7 46. c4 Kb6 47. Nd5+ Kb7 48. c5 Rxg2 {Time forfeit} 0-1

[Event "Rated Blitz game"]
[Site "?"]
[Date "2021.04.11"]
[Round "?"]
[White "boldpilot22622"]
[Black "annaly1979"]
[Result "1-0"]
[WhiteElo "2487"]
[BlackElo "2377"]
[PlyCount "57"]
[EventDate "2021.??.??"]
[EventType "blitz"]

1. e4 e5 2. Nf3 d5 3. d4 dxe4 4. Nxe5 Bd6 5. Nc4 Nf6 6. Nxd6+ cxd6 7. c4 h6 8.
Nc3 O-O 9. Be2 Nc6 10. O-O Bf5 11. Be3 Re8 12. h3 Bg6 13. b4 Nxb4 14. Rb1 Nd3
15. Rxb7 Qa5 16. Nb5 Qxa2 17. Nxd6 Red8 18. c5 Nd5 19. Bh5 Rab8 20. Rxb8 Rxb8
21. Bxg6 fxg6 22. Qg4 Nxe3 23. fxe3 Kh7 24. Qxe4 Qe2 25. c6 Rb2 26. c7 Nf2 27.
Qf3 Qxf3 28. gxf3 Nxh3+ 29. Kh1 {Normal} 1-0

[Event "Rated Blitz game"]
[Site "?"]
[Date "2021.04.11"]
[Round "?"]
[White "Neftegor"]
[Black "Jomajo"]
[Result "0-1"]
[WhiteElo "2537"]
[BlackElo "2648"]
[PlyCount "60"]
[EventDate "2021.??.??"]
[EventType "blitz"]

1. e4 e5 2. Nf3 d5 3. exd5 e4 4. Qe2 Qe7 5. Nd4 Nf6 6. c4 Na6 7. d3 exd3 8.
Qxe7+ Bxe7 9. Bxd3 Nb4 10. Kd2 O-O 11. a3 Nxd3 12. Kxd3 c6 13. dxc6 bxc6 14.
Nxc6 Bf5+ 15. Kd4 Rfe8 16. Nc3 Bd6 17. Nd5 Rac8 18. Nxf6+ gxf6 19. Nxa7 Bc5+
20. Kc3 Bxa7 21. b4 Bxf2 22. Ra2 Be1+ 23. Kb3 Be6 24. Rc2 Bh4 25. Bh6 Red8 26.
Rc3 Rxc4 27. Rxc4 Rd3+ 28. Ka4 Bxc4 29. Rc1 Rd4 30. Ka5 Bg5 {Time forfeit} 0-1

[Event "Rated Blitz tournament ana6I2oS"]
[Site "?"]
[Date "2021.04.11"]
[Round "?"]
[White "LANATER2020"]
[Black "Korshun_2022"]
[Result "1/2-1/2"]
[WhiteElo "2438"]
[BlackElo "2319"]
[PlyCount "142"]
[EventDate "2021.??.??"]
[EventType "blitz"]

1. e4 e5 2. Nf3 d5 3. Nxe5 Bd6 4. Nxf7 Kxf7 5. Qh5+ g6 6. Qxd5+ Kg7 7. Qd4+ Nf6
8. e5 Bxe5 9. Qxd8 Rxd8 10. c3 c5 11. f3 Bf5 12. Na3 Nc6 13. Nc4 Bc7 14. a4 b6
15. g4 Bd3 16. Bxd3 Rxd3 17. Ke2 Rad8 18. b3 Ne5 19. Nxe5 Bxe5 20. a5 Bf4 21.
axb6 axb6 22. Ra7+ Kg8 23. Ra2 b5 24. h4 c4 25. bxc4 bxc4 26. Rd1 Re8+ 27. Kf2
Rf8 28. Ra4 Nd7 29. Rxc4 Ne5 30. Rd4 Rxf3+ 31. Kg2 Rg3+ 32. Kf2 Nxg4+ 33. Ke2
Re8+ 34. Kf1 Rf3+ 35. Kg2 Rf2+ 36. Kg1 Ree2 37. d3 Rg2+ 38. Kh1 Rh2+ 39. Kg1
Be3+ 40. Kf1 Bxd4 41. cxd4 Rhg2 42. Bf4 Ref2+ 43. Ke1 Rxf4 44. Rd2 Rxd2 45.
Kxd2 Rxd4 46. Kc3 Rxd3+ 47. Kxd3 Kg7 48. Ke4 Kf6 49. Kf3 Kf5 50. Kg3 h5 51. Kf3
Nf6 52. Kg3 Ke4 53. Kg2 Kf4 54. Kh3 Kf3 55. Kh2 Kg4 56. Kg2 Kxh4 57. Kf3 g5 58.
Kf2 g4 59. Kg2 g3 60. Kh1 Kh3 61. Kg1 g2 62. Kf2 Kh2 63. Kf3 g1=Q 64. Kf4 Qg4+
65. Ke5 Qf3 66. Kd4 Qe4+ 67. Kc5 Qd5+ 68. Kb4 Nd7 69. Kc3 Ne5 70. Kc2 Qd3+ 71.
Kc1 Nc4 {Normal} 1/2-1/2

[Event "Rated Blitz tournament HrlbxvST"]
[Site "?"]
[Date "2021.04.11"]
[Round "?"]
[White "CaptainChevre"]
[Black "cuerosky"]
[Result "1-0"]
[WhiteElo "2585"]
[BlackElo "2246"]
[PlyCount "63"]
[EventDate "2021.??.??"]
[EventType "blitz"]

1. e4 e5 2. Nf3 d5 3. Nxe5 Bd6 4. d4 dxe4 5. Bc4 Bxe5 6. dxe5 Qxd1+ 7. Kxd1 Nc6
8. Nc3 Bf5 9. Bf4 O-O-O+ 10. Kc1 Bg6 11. h4 h5 12. e6 fxe6 13. Bxe6+ Kb8 14.
Nd5 Nd4 15. Bxc7+ Ka8 16. Bxd8 Nxe6 17. Bg5 Nh6 18. Bxh6 Rxh6 19. Kd2 Bf5 20.
Ke3 Rg6 21. Ne7 Rf6 22. Nxf5 Rxf5 23. Rad1 a6 24. Rd6 Nc5 25. b4 Na4 26. c4 g5
27. hxg5 Rxg5 28. g3 Nc3 29. a3 Rf5 30. Kd4 Rf3 31. Rxh5 Rd3+ 32. Ke5 {Normal}
1-0

[Event "Rated Blitz game"]
[Site "?"]
[Date "2021.04.11"]
[Round "?"]
[White "quicksilver2"]
[Black "zvjaginsevfan"]
[Result "1/2-1/2"]
[WhiteElo "2444"]
[BlackElo "2523"]
[PlyCount "154"]
[EventDate "2021.??.??"]
[EventType "blitz"]

1. e4 e5 2. Nf3 d5 3. Nxe5 Bd6 4. d4 dxe4 5. Nc4 Nf6 6. Nxd6+ Qxd6 7. h3 O-O 8.
Nc3 Re8 9. Be3 a6 10. a4 b6 11. Qd2 Bb7 12. Be2 Nc6 13. O-O Nb4 14. Bf4 Qd7 15.
Rfd1 Nbd5 16. Nxd5 Nxd5 17. Be3 a5 18. c4 Nb4 19. d5 Rad8 20. b3 Qd6 21. Bf4
Qe7 22. Rac1 c5 23. Qe3 f5 24. Bg5 Qe5 25. Bxd8 Rxd8 26. g3 h6 27. Qf4 Qxf4 28.
gxf4 Kf7 29. f3 e3 30. Rc3 Re8 31. Re1 g5 32. fxg5 hxg5 33. f4 gxf4 34. Kg2
Nxd5 35. cxd5 Bxd5+ 36. Kh2 Rg8 37. Rg1 f3 38. Rxg8 fxe2 39. Rxe3 Kxg8 40. Kg3
Bxb3 41. Rxe2 Bxa4 42. Re6 b5 43. Kf4 b4 44. Ra6 b3 45. Rxa5 b2 46. Ra8+ Kf7
47. Rb8 c4 48. Rxb2 c3 49. Rb7+ Kg6 50. Rc7 c2 51. h4 Kh5 52. Rc8 Bb3 53. Rh8+
Kg6 54. h5+ Kg7 55. Rc8 Kh6 56. Kxf5 Bf7 57. Rxc2 Be8 58. Kg4 Bxh5+ 59. Kh4 Bg6
60. Rc6 Kg7 61. Kg5 Bf7 62. Rc7 Kg8 63. Kf6 Ba2 64. Rg7+ Kh8 65. Ra7 Bb3 66.
Kg6 Bc4 67. Ra8+ Bg8 68. Ra7 Bc4 69. Kf6 Bg8 70. Ra8 Kh7 71. Ke7 Kh8 72. Ra1
Bh7 73. Kf6 Bg8 74. Rh1+ Bh7 75. Rh2 Kg8 76. Rg2+ Kh8 77. Rh2 Kg8 {Time forfeit
} 1/2-1/2

[Event "Rated Blitz game"]
[Site "?"]
[Date "2021.04.11"]
[Round "?"]
[White "JamesLebron"]
[Black "babageldi2277"]
[Result "0-1"]
[WhiteElo "2607"]
[BlackElo "2622"]
[PlyCount "60"]
[EventDate "2021.??.??"]
[EventType "blitz"]

1. e4 e5 2. Nf3 d5 3. exd5 e4 4. Ne5 Qxd5 5. d4 exd3 6. Nxd3 Nf6 7. Nc3 Qa5 8.
Be2 Be7 9. O-O O-O 10. Bf3 Nc6 11. Re1 Re8 12. a3 Be6 13. b4 Nxb4 14. axb4 Qxa1
15. Nb5 Bd6 16. Bxb7 Rab8 17. Bc6 Bd7 18. Bxd7 Nxd7 19. Nxd6 Rxe1+ 20. Qxe1
cxd6 21. Qe7 Nf8 22. Qxd6 Rc8 23. h3 Rxc2 24. Qf4 h6 25. Kh2 Qc3 26. Qe3 Ne6
27. b5 Qc4 28. Bb2 Qxb5 29. Be5 Qd5 30. f4 Qxg2# {Normal} 0-1

[Event "Rated Blitz tournament HrlbxvST"]
[Site "?"]
[Date "2021.04.11"]
[Round "?"]
[White "CaptainChevre"]
[Black "cuerosky"]
[Result "1-0"]
[WhiteElo "2589"]
[BlackElo "2250"]
[PlyCount "37"]
[EventDate "2021.??.??"]
[EventType "blitz"]

1. e4 e5 2. Nf3 d5 3. d4 dxe4 4. Nxe5 Bd6 5. Nc4 Nf6 6. Nc3 Be7 7. f3 exf3 8.
Qxf3 Nc6 9. d5 Nd4 10. Qd3 Bc5 11. Be3 Bf5 12. Qxf5 Nxf5 13. Bxc5 Nxd5 14. Bd3
Qh4+ 15. Bf2 Qe7+ 16. Kf1 Nxc3 17. Re1 Qxe1+ 18. Bxe1 Ne3+ 19. Nxe3 {Normal}
1-0

[Event "Rated Blitz game"]
[Site "?"]
[Date "2021.04.11"]
[Round "?"]
[White "art7000"]
[Black "Chessbear_163"]
[Result "0-1"]
[WhiteElo "2428"]
[BlackElo "2353"]
[PlyCount "48"]
[EventDate "2021.??.??"]
[EventType "blitz"]

1. e4 e5 2. Nf3 d5 3. Nxe5 Bd6 4. d4 dxe4 5. Nc4 Nc6 6. Nxd6+ Qxd6 7. Be3 f5 8.
c3 f4 9. Bc1 Nf6 10. Bc4 Bg4 11. Qb3 O-O-O 12. h3 Bd7 13. Na3 Na5 14. Qc2 Rhe8
15. b4 Nc6 16. Nb5 Qe7 17. Bxf4 Nxb4 18. cxb4 Bxb5 19. Bxb5 Qxb4+ 20. Kd1 Rxd4+
21. Kc1 Re7 22. Be2 Nd5 23. Bd2 Qa3+ 24. Qb2 Qxb2+ {Normal} 0-1

[Event "Rated Blitz game"]
[Site "?"]
[Date "2021.04.11"]
[Round "?"]
[White "Morphychess2000"]
[Black "pasha1984"]
[Result "1-0"]
[WhiteElo "2325"]
[BlackElo "2407"]
[PlyCount "33"]
[EventDate "2021.??.??"]
[EventType "blitz"]

1. e4 e5 2. Nf3 d5 3. d4 dxe4 4. Nxe5 Bd6 5. Bf4 Nf6 6. Nc3 O-O 7. Bc4 Nbd7 8.
O-O Qe7 9. Nxd7 Bxd7 10. Bg5 Be6 11. Bd5 Bxh2+ 12. Kxh2 Qd6+ 13. Kg1 Bxd5 14.
Bxf6 gxf6 15. Qh5 c6 16. Rae1 Rae8 17. Re3 {Normal} 1-0

[Event "Rated Blitz game"]
[Site "?"]
[Date "2021.04.11"]
[Round "?"]
[White "Cadlag"]
[Black "Korshun_2022"]
[Result "0-1"]
[WhiteElo "2457"]
[BlackElo "2300"]
[PlyCount "29"]
[EventDate "2021.??.??"]
[EventType "blitz"]

1. e4 e5 2. Nf3 d5 3. exd5 e4 4. Qe2 Nf6 5. d3 Qxd5 6. Nc3 Bb4 7. Bd2 Bxc3 8.
Bxc3 O-O 9. dxe4 Nxe4 10. Qd3 Nxc3 11. Qxc3 Re8+ 12. Be2 Nc6 13. Rd1 Qb5 14.
Rd2 Bg4 15. b3 {Normal} 0-1

[Event "Rated Blitz game"]
[Site "?"]
[Date "2021.04.11"]
[Round "?"]
[White "art7000"]
[Black "Dzon_Vejn"]
[Result "1-0"]
[WhiteElo "2419"]
[BlackElo "2400"]
[PlyCount "55"]
[EventDate "2021.??.??"]
[EventType "blitz"]

1. e4 e5 2. Nf3 d5 3. d4 dxe4 4. Nxe5 Bd6 5. Be2 Nd7 6. Nxd7 Bxd7 7. Nc3 f5 8.
g3 Nf6 9. O-O O-O 10. Bg5 h6 11. Bxf6 Rxf6 12. Qd2 c6 13. f3 exf3 14. Bxf3 f4
15. gxf4 Bxf4 16. Bd5+ cxd5 17. Rxf4 Rg6+ 18. Kh1 Qg5 19. Qf2 Re8 20. Rf1 Kh7
21. Rg1 Qh5 22. Rxg6 Qxg6 23. h4 a6 24. Kh2 Qe6 25. Rf3 Qd6+ 26. Qg3 Qe6 27.
Qf4 Re7 28. Qf8 {Time forfeit} 1-0

[Event "Rated Blitz game"]
[Site "?"]
[Date "2021.04.11"]
[Round "?"]
[White "Bierpower"]
[Black "pasha1984"]
[Result "1-0"]
[WhiteElo "2352"]
[BlackElo "2414"]
[PlyCount "69"]
[EventDate "2021.??.??"]
[EventType "blitz"]

1. e4 e5 2. Nf3 d5 3. exd5 e4 4. Nd4 Nf6 5. Nc3 Bb4 6. Bc4 O-O 7. O-O c6 8. d3
cxd5 9. Bb3 Nc6 10. Nxc6 bxc6 11. dxe4 Bxc3 12. bxc3 Nxe4 13. c4 d4 14. Qf3 f5
15. Ba3 Rf6 16. c5+ Kh8 17. Rad1 Ba6 18. Rfe1 Qa5 19. Bb2 Nc3 20. Bxc3 dxc3 21.
Rd6 Qxc5 22. Rxf6 gxf6 23. h3 Rd8 24. Re3 Bb7 25. Rxc3 Qe5 26. Re3 Qc5 27. Qh5
Bc8 28. Re8+ Rxe8 29. Qxe8+ Kg7 30. Qg8+ Kh6 31. Qg3 Be6 32. Bxe6 Qe5 33. Qxe5
fxe5 34. Bxf5 Kg5 35. Be4 {Normal} 1-0

[Event "Rated Blitz game"]
[Site "?"]
[Date "2021.04.11"]
[Round "?"]
[White "samuel2900"]
[Black "DonCroccante"]
[Result "1-0"]
[WhiteElo "2407"]
[BlackElo "2326"]
[PlyCount "49"]
[EventDate "2021.??.??"]
[EventType "blitz"]

1. e4 e5 2. Nf3 d5 3. Nxe5 Bd6 4. d4 dxe4 5. Bc4 Bxe5 6. Qh5 Qe7 7. Qxe5 Qxe5
8. dxe5 Nc6 9. Nc3 Nxe5 10. Bb3 Nf6 11. Bf4 Ng6 12. Bxc7 O-O 13. O-O-O Bg4 14.
Rd4 Rac8 15. Bg3 Rfe8 16. h3 Bf5 17. Re1 a6 18. Rd2 b5 19. a3 h6 20. Rd6 Ra8
21. Bh2 Nh5 22. g4 Nhf4 23. gxf5 Nxh3 24. fxg6 Nxf2 25. gxf7+ {Normal} 1-0

[Event "Rated Blitz game"]
[Site "?"]
[Date "2021.04.11"]
[Round "?"]
[White "JamesLebron"]
[Black "babageldi2277"]
[Result "0-1"]
[WhiteElo "2619"]
[BlackElo "2610"]
[PlyCount "66"]
[EventDate "2021.??.??"]
[EventType "blitz"]

1. e4 e5 2. Nf3 d5 3. Nxe5 Bd6 4. d4 dxe4 5. Bc4 Bxe5 6. dxe5 Qxd1+ 7. Kxd1 Nc6
8. Bf4 Nge7 9. Nc3 Ng6 10. Bg3 h5 11. h3 h4 12. Bh2 Bf5 13. Kc1 O-O-O 14. Bxf7
Ngxe5 15. Bd5 Rhe8 16. b3 Nb4 17. Bxe4 Bxe4 18. Nxe4 Ned3+ 19. cxd3 Nxd3+ 20.
Kc2 Rxe4 21. Rad1 Re2+ 22. Kc3 Nxf2 23. Rxd8+ Kxd8 24. Rf1 Ne4+ 25. Kd3 Rxg2
26. Bxc7+ Kxc7 27. Kxe4 Rxa2 28. Rf7+ Kc6 29. Rxg7 Rb2 30. Rg6+ Kc5 31. Rg5+
Kb6 32. Rg6+ Ka5 33. Rg5+ b5 {Normal} 0-1

[Event "Rated Blitz tournament eUisp0Ym"]
[Site "?"]
[Date "2021.04.11"]
[Round "?"]
[White "Bandung-chessshop"]
[Black "om_gendut"]
[Result "0-1"]
[WhiteElo "2355"]
[BlackElo "2408"]
[PlyCount "100"]
[EventDate "2021.??.??"]
[EventType "blitz"]

1. e4 e5 2. Nf3 d5 3. exd5 e4 4. Nd4 Qxd5 5. Nb3 Nf6 6. Be2 Bd6 7. Nc3 Qe5 8.
d4 exd3 9. Qxd3 Bf5 10. Qb5+ Nbd7 11. Qxe5+ Bxe5 12. Bd3 Bxd3 13. cxd3 O-O-O
14. Be3 Nb6 15. O-O-O Nbd5 16. Nxd5 Nxd5 17. d4 Bf6 18. a3 Rhe8 19. Rhe1 Re7
20. Bd2 Rde8 21. Rxe7 Rxe7 22. Bc3 Re2 23. Rf1 Kd7 24. Bd2 b6 25. Kd1 Re6 26.
Re1 Rxe1+ 27. Kxe1 Kc6 28. Ke2 a5 29. Kd3 Be7 30. Nc1 f5 31. g3 Bf6 32. Ne2 Kd6
33. Nc3 Nxc3 34. bxc3 b5 35. Bf4+ Kd7 36. c4 c6 37. d5 Be7 38. Bc1 Kd6 39. dxc6
Kxc6 40. Bb2 g6 41. f3 Bd6 42. Bc1 Bc5 43. Bb2 b4 44. axb4 Bxb4 45. h3 a4 46.
g4 a3 47. Be5 fxg4 48. hxg4 h5 49. gxh5 gxh5 50. Kc2 h4 {Time forfeit} 0-1

[Event "Rated Blitz game"]
[Site "?"]
[Date "2021.04.11"]
[Round "?"]
[White "ZhohoFF"]
[Black "KamranShirazi"]
[Result "0-1"]
[WhiteElo "2543"]
[BlackElo "2556"]
[PlyCount "146"]
[EventDate "2021.??.??"]
[EventType "blitz"]

1. e4 e5 2. Nf3 d5 3. d4 dxe4 4. Nxe5 Nd7 5. Nxd7 Bxd7 6. Nc3 f5 7. Bf4 Nf6 8.
Qd2 Bb4 9. a3 Ba5 10. Be5 O-O 11. h4 Ng4 12. Bf4 c6 13. h5 h6 14. Bc4+ Kh7 15.
O-O-O b5 16. Be2 Nf6 17. Be5 b4 18. axb4 Bxb4 19. Qf4 Bxc3 20. bxc3 Nd5 21. Qg3
Qe7 22. c4 f4 23. Qg6+ Kh8 24. cxd5 cxd5 25. Kd2 Kg8 26. Ke1 Bf5 27. Qd6 Qf7
28. Bxf4 Rad8 29. Qa3 Bg4 30. Be3 Bxe2 31. Kxe2 Rc8 32. c3 Qf5 33. Rh4 Rf7 34.
g4 Qf3+ 35. Kd2 Rf4 36. Qd6 Rf7 37. Qxd5 Rb8 38. g5 Rb2+ 39. Kc1 Qe2 40. Rd2
Rxd2 41. Bxd2 Qxf2 42. Rxe4 hxg5 43. Re8+ Kh7 44. Qe4+ Rf5 45. Qxf5+ Qxf5 46.
Re5 Qf1+ 47. Kc2 Qf7 48. Bxg5 Qxh5 49. c4 Qg6+ 50. Kc3 Qb1 51. c5 Qa1+ 52. Kc4
Qa2+ 53. Kb5 a6+ 54. Kc6 Qa4+ 55. Kd6 Qe8 56. Rd5 Qf7 57. c6 Qf8+ 58. Kd7 Qf7+
59. Kd6 Qe8 60. Be7 Qa8 61. c7 Qc8 62. Kc6 a5 63. Rd8 Qa6+ 64. Kd7 Qb5+ 65. Ke6
Qc4+ 66. d5 Qe4+ 67. Kd7 Qxd5+ 68. Ke8 Qc6+ 69. Rd7 Kg6 70. Bf8 a4 71. Bxg7 Kf5
72. Ba1 Ke6 73. Kd8 Qxd7# {Normal} 0-1

[Event "Rated Blitz game"]
[Site "?"]
[Date "2021.04.11"]
[Round "?"]
[White "RomChartres"]
[Black "King_bg03"]
[Result "1/2-1/2"]
[WhiteElo "2540"]
[BlackElo "2568"]
[PlyCount "146"]
[EventDate "2021.??.??"]
[EventType "blitz"]

1. e4 e5 2. Nf3 d5 3. d4 exd4 4. Qxd4 Nf6 5. Nc3 Nc6 6. Bb5 Bd7 7. Bxc6 Bxc6 8.
e5 Ne4 9. Nxe4 dxe4 10. Qxd8+ Rxd8 11. Nd2 Bb4 12. c3 Bc5 13. Nb3 Bb6 14. a4 a6
15. a5 Ba7 16. Be3 Bxe3 17. fxe3 Rd5 18. Nd4 Rxe5 19. Nxc6 bxc6 20. Ke2 Rb5 21.
b4 c5 22. Rab1 O-O 23. Rhd1 cxb4 24. cxb4 Rfb8 25. Rd7 c5 26. Ra7 cxb4 27. Rxa6
b3 28. Rb2 g6 29. g4 Rc8 30. Rb6 Rc2+ 31. Rxc2 bxc2 32. Kd2 Rxa5 33. Kxc2 Ra2+
34. Kc3 Rxh2 35. g5 Rg2 36. Rb5 f6 37. gxf6 Kf7 38. Rb7+ Kxf6 39. Rxh7 Kf5 40.
Rf7+ Ke5 41. Re7+ Kd5 42. Rd7+ Ke6 43. Rd8 Re2 44. Re8+ Kf5 45. Rf8+ Kg5 46.
Kd4 Rd2+ 47. Kxe4 Rd7 48. Kf3 Re7 49. e4 Kh6 50. Ra8 Kg7 51. Kf4 Rf7+ 52. Kg5
Re7 53. Kf4 Rf7+ 54. Ke3 Re7 55. Ra5 Kf6 56. Kf4 Re6 57. e5+ Kf7 58. Ra7+ Re7
59. Ra6 Re6 60. Ra8 Re7 61. Ke4 Re6 62. Kd5 Rb6 63. Ra7+ Kf8 64. e6 Rb5+ 65.
Kd6 Rb6+ 66. Ke5 Rb1 67. Rf7+ Ke8 68. Rg7 Re1+ 69. Kf6 Rf1+ 70. Kxg6 Rg1+ 71.
Kf6 Rxg7 72. Kxg7 Ke7 73. Kg6 Kxe6 {Normal} 1/2-1/2

[Event "Rated Blitz game"]
[Site "?"]
[Date "2021.04.11"]
[Round "?"]
[White "alexandr_gorokhov"]
[Black "King_bg03"]
[Result "1/2-1/2"]
[WhiteElo "2508"]
[BlackElo "2567"]
[PlyCount "65"]
[EventDate "2021.??.??"]
[EventType "blitz"]

1. e4 e5 2. Nf3 d5 3. Nxe5 Bd6 4. d4 dxe4 5. Bf4 Nd7 6. Bc4 Nxe5 7. dxe5 Bb4+
8. Nd2 Ne7 9. c3 Ng6 10. Bg3 e3 11. fxe3 Bc5 12. Ne4 Qxd1+ 13. Rxd1 Bxe3 14.
Ke2 Bf4 15. Rhf1 Bxg3 16. Bxf7+ Ke7 17. Bxg6 Bg4+ 18. Ke3 hxg6 19. hxg3 Bxd1
20. Rxd1 Rad8 21. Rf1 Rhf8 22. Rh1 Ke6 23. Rh7 Rg8 24. Ng5+ Kd5 25. Rh4 Rde8
26. Nf3 c5 27. c4+ Kc6 28. Ke4 Re7 29. Rg4 Re6 30. Ng5 Re7 31. Nf3 Re6 32. Ng5
Re7 33. Nf3 {Normal} 1/2-1/2

[Event "Rated Blitz game"]
[Site "?"]
[Date "2021.04.11"]
[Round "?"]
[White "Azamat-Ulkhanov"]
[Black "pasha1984"]
[Result "1-0"]
[WhiteElo "2420"]
[BlackElo "2423"]
[PlyCount "39"]
[EventDate "2021.??.??"]
[EventType "blitz"]

1. e4 e5 2. Nf3 d5 3. Nxe5 dxe4 4. Bc4 Qg5 5. Nxf7 Qxg2 6. Rf1 Bg4 7. Be2 Bxe2
8. Qxe2 Kxf7 9. Qc4+ Kg6 10. Qxc7 Nc6 11. Qxb7 Ne5 12. Qxa8 Nf3+ 13. Ke2 Qg4
14. Qe8+ Kh6 15. d3+ g5 16. Qxf8+ Kg6 17. Qe8+ Kg7 18. Qxe4 Nd4+ 19. Kd2 Nf3+
20. Kc3 {Normal} 1-0

[Event "Rated Blitz game"]
[Site "?"]
[Date "2021.04.11"]
[Round "?"]
[White "Pokemon777"]
[Black "KamranShirazi"]
[Result "0-1"]
[WhiteElo "2480"]
[BlackElo "2562"]
[PlyCount "20"]
[EventDate "2021.??.??"]
[EventType "blitz"]

1. e4 e5 2. Nf3 d5 3. exd5 e4 4. Qe2 Nf6 5. Nc3 Be7 6. Nxe4 Nxd5 7. d4 O-O 8.
c3 Re8 9. Be3 f5 10. c4 fxe4 {Normal} 0-1